000 00774nam a22002055i 4500
001 168901
003 ES-MaACL
005 20250718081354.0
008 080623s1877 fr |||| | fre d
080 _a782.089.6
100 1 _aGounod, Charles,
_d1818-1893
_9240526
245 1 0 _aCinq-Mars [
_hmúsica impresa]
_b: opéra en quatre actes et cinq tableaux /
_cpoëme de Paul Poirson & Louis Gallet ; musique de Charles Gounod.
260 _aParis :
_bLéon Grus,
_c[1877]
300 _a1 partitura vocal (287 p.) ;
_c28 cm.
650 1 4 _aÓperas-
_xPartituras vocales.
_9137997
700 1 _aPoirson, Paul.
_9138031
700 0 _aGallet, Louis.
_953608
852 4 _aES-MaACL
_jL-29309
_9R.143659
_zBiblioteca Jacinto Martínez Lacalle
999 _c168901
_d168901